Nerovné postavenie detí v rozvojových krajinách: prevencia a mechanizmy riešenia diplomová práca

Gespeichert in:
Bibliographische Detailangaben
1. Verfasser: Hianiková, Martina
Körperschaft: Fakulta medzinárodných vzťahov EU. Katedra medzinárodných ekonomických vzťahov a hospodárskej diplomacie
Weitere Verfasser: Černota, Mikuláš, 1979-
Format: Buch
Sprache:Slowakisch
Veröffentlicht: Bratislava 2015
Tags: Tag hinzufügen
Keine Tags, Fügen Sie das erste Tag hinzu!

MARC

LEADER 00000nbm a2200000 4500
001 0201142
005 20161212095938.0
041 0 |a slo 
044 |a SK 
245 1 0 |a Nerovné postavenie detí v rozvojových krajinách: prevencia a mechanizmy riešenia  |b diplomová práca  |c Martina Hianiková ; školiteľ: Mikuláš Černota 
264 1 |a Bratislava  |c 2015 
300 |a 97 s. 
100 1 |a Hianiková, Martina 
700 1 |a Černota, Mikuláš, 1979- 
710 2 |a Fakulta medzinárodných vzťahov EU. Katedra medzinárodných ekonomických vzťahov a hospodárskej diplomacie